000 00923nmm a2200277 a 4500
001 ocm0001061991
003 TR-IsHL
005 20201028151326.0
008 150709s2015 tu tur
007 cr cn
035 _a1061991
_b(N$T)
050 0 4 _aBP188.16.E8
_bB89 2015
090 0 4 _aBP188.16.E8
_bB89 2015
100 1 _aBüyükkörükçü, Tahir
245 1 0 _aİslamda edeb
_h[electronic resource] /
_cTahir Büyükkörükçü
260 _aİstanbul :
_bBedir Yayınları,
_c2015
300 _a112 p.
650 4 _aFelsefe, Psikoloji ve Din
650 4 _aPhilosophy, Psychology and Religion
650 0 _aEtiquette
_x Religious aspects
_x Islam
650 0 _aIslamic ethics
650 0 _aEdeb
_x Dini açıdan
_x İslam
650 0 _aİslam ahlakı
650 7 _aRELIGION / Ethics
_2bisacsh
856 4 0 _uhttp://search.ebscohost.com/login.aspx?direct=true&scope=site&db=e011xww&AN=1061991
999 _c10949
_d10949